| 000 | 00711nam a2200229 a 4500 | ||
|---|---|---|---|
| 001 | 13404 | ||
| 003 | BD-JhCC | ||
| 005 | 20230917085551.0 | ||
| 008 | 230916b2008 bg |||| ||a| 000 0 ben d | ||
| 020 | _a9847008200695 | ||
| 035 | _a(BD-JhCC)13404 | ||
| 040 |
_aBD-JhCC _dBD-JhCC |
||
| 041 | _abengali | ||
| 082 |
_a190.92 _bAAR 2008 |
||
| 100 | _aআর্যু, অস্ট্রিক | ||
| 245 |
_aবিশ্বশ্রেষ্ঠ দার্শনিক / _cঅস্ট্রিক আর্যু। |
||
| 260 |
_aঢাকা: _bঅনিন্দ্য প্র্রকাশ; _c2008. |
||
| 300 |
_a143 p. : _c22 cm. |
||
| 650 | _aPhilosophers, Modern | ||
| 942 |
_2ddc _cBK |
||
| 999 |
_c13404 _d13404 |
||